| 000 | 00921cab a2200253 4500 | ||
|---|---|---|---|
| 001 | ABS45257 | ||
| 008 | 090401t1991 xxu||||| |||| 00| 0 eng d | ||
| 035 | _a(Sirsi) u51868 | ||
| 041 | _aeng | ||
| 100 | _aBrister, A. | ||
| 245 | 4 | _aThe future for insulation | |
| 260 | _c1991 | ||
| 350 | _a0 | ||
| 490 |
_aBuilding Services _v13(10) October 1991, 43-44(2) |
||
| 520 | _aReviews two reports "The future for building products" by Angela Doggett Associates and "Reducing the greenhouse effect by domestic insulation" by Eurisol, which predict the part insulation has to play in stabilising CO2 emissions by energy conservation in buildings. | ||
| 650 | _aCARBON DIOXIDE EMISSIONS | ||
| 650 | _aENERGY CONSERVATION | ||
| 650 | _aENERGY EFFICIENCY | ||
| 650 | _aGREENHOUSE EFFECT | ||
| 650 | _aTHERMAL INSULATION | ||
| 690 | _aENVIRONMENTAL AND LAND CONSULTANCY-ENERGY | ||
| 942 | _n0 | ||
| 948 | _c04/03/1997 | ||
| 999 |
_c32180 _d32180 |
||